Kerala A-Z - Statistics

General Stats
  • This quiz has been taken 143 times
  • The average score is 10 of 26
Answer Stats
Hint Answer % Correct
The state festival Onam
81%
State Tree Coconut
76%
Official fruit of Kerala Jackfruit
76%
Well known actor from the state Mohanlal
75%
The capital Trivandrum
68%
Tagline of Kerala tourism God's own country
66%
First foreigner to reach Kerala Vasco de Gama
56%
Renowned art form with elaborate costumes Kathakali
52%
First water theme park in Kerala (current name) Wonderla
46%
Male singer with most national awards Yesudas
45%
Water sport during the festival season Boat Race
44%
Major migration destination for keralites UAE
43%
Football legend from the state I M Vijayan
41%
First kerala cricketer to become captain of IPL team Sanju Samson
39%
The celebrated Indian painter and artist Raja Ravi Varma
32%
Wonder flower that blossoms only once in 12 years Neelakurinji
28%
Waterfall in Kerala that has a retired Indian cricketer's name Dhoni
27%
Granary of Kerala Palakkad
27%
Longest serving chief minister E K Nayanar
24%
The Cashew capital (old name) Quilon
19%
The Asian Games mascot from Kerala Appu
17%
Kerala is often way ahead of the country average in terms of this index Literacy rate
17%
First European church in India is here Fort Kochi
14%
German scholar who gave contributions to Malayalam language Hermann Gundert
12%
The Thrissur ______ is one of the oldest in the country Zoo
9%
A carnival is held in Kochi during this festival Xmas
8%
No matching quizzes found
Score Distribution
Percent of People with Each Score
Percentile by Number Answered
Your Score History
You have not taken this quiz